[Event "American Continental 17th"]
[Site "Juan Dolio"]
[Date "2023.05.21"]
[Round "9"]
[White "Cori Tello, Deysi Estella"]
[Black "Dominguez, Jose Manuel"]
[Result "1-0"]
[WhiteElo "2362"]
[BlackElo "2175"]
[PlyCount "53"]
[EventDate "2023.05.15"]
[EventType "swiss"]
[EventRounds "11"]
[EventCountry "DOM"]
[SourceTitle "CBM 214 Extra"]
[Source "ChessBase"]
[SourceDate "2023.07.31"]
[SourceVersion "1"]
[SourceVersionDate "2023.07.31"]
[SourceQuality "1"]

1. d4 Nf6 2. Nf3 d6 3. b3 c6 4. Bb2 Bg4 5. Nbd2 d5 6. h3 Bf5 7. g4 Bc8 8. e3 Qa5 9. a3 e6 10. Bd3 Nbd7 11. Qe2 Be7 12. Rg1 a6 13. Kf1 Qc7 14. c4 b5 15. c5 a5 16. Rc1 h6 17. Rg2 Nh7 18. h4 g5 19. e4 gxh4 20. exd5 exd5 21. Nxh4 Ndf6 22. Ndf3 Bxg4 23. Bf5 Bxf5 24. Nxf5 Ne4 25. Ne5 0-0-0 26. Nxc6 Bg5 27. Nd6+ 1-0

[Event "Foxwoods op 15th"]
[Site "Ledyard"]
[Date "2023.04.09"]
[Round "8"]
[White "Dominguez, Jose Manuel"]
[Black "Barash, Anton"]
[Result "1-0"]
[WhiteElo "2175"]
[BlackElo "2074"]
[PlyCount "108"]
[EventDate "2023.04.05"]
[EventType "swiss"]
[EventRounds "9"]
[EventCountry "USA"]
[SourceTitle "CBM 213 Extra"]
[Source "ChessBase"]
[SourceDate "2023.05.31"]
[SourceVersion "1"]
[SourceVersionDate "2023.05.31"]
[SourceQuality "1"]

1. e4 e6 2. d4 d5 3. Nc3 Bb4 4. exd5 exd5 5. Bd3 Nf6 6. Nge2 0-0 7. Bg5 Re8 8. 0-0 c6 9. Ng3 h6 10. Bd2 b6 11. Re1 Rxe1+ 12. Qxe1 Ba6 13. Nxd5 Nxd5 14. Bxb4 Bxd3 15. cxd3 Na6 16. Bd2 Qf6 17. Qe4 Rd8 18. Nh5 Qg6 19. Ng3 Qf6 20. Nf5 Nac7 21. Rc1 Ne8 22. Qg4 Kh7 23. h4 Nd6 24. Ne3 Nb5 25. Nf5 Nd6 26. Ng3 Nb5 27. Rc4 Rd6 28. h5 Re6 29. a4 Nbc7 30. Rc1 Na6 31. Rc4 Nac7 32. Nf5 a5 33. Ng3 Na6 34. Ne4 Qe7 35. Qf5+ Kg8 36. Qf3 Nab4 37. Ng3 Rf6 38. Qg4 Nxd3 39. Nf5 Rxf5 40. Qxf5 Qe2 41. Qc8+ Kh7 42. Qf5+ Kg8 43. Qf3 Qxf3 44. gxf3 Nxb2 45. Rxc6 Nxa4 46. Rc4 Nb2 47. Rc8+ Kh7 48. Rd8 Nf6 49. d5 Nc4 50. Bc3 b5 51. Bxf6 gxf6 52. d6 b4 53. d7 Ne5 54. f4 b3 1-0

[Event "Foxwoods op 15th"]
[Site "Ledyard"]
[Date "2023.04.06"]
[Round "3"]
[White "Rogers, Norman"]
[Black "Dominguez, Jose Manuel"]
[Result "0-1"]
[WhiteElo "2073"]
[BlackElo "2175"]
[PlyCount "78"]
[EventDate "2023.04.05"]
[EventType "swiss"]
[EventRounds "9"]
[EventCountry "USA"]
[SourceTitle "CBM 213 Extra"]
[Source "ChessBase"]
[SourceDate "2023.05.31"]
[SourceVersion "1"]
[SourceVersionDate "2023.05.31"]
[SourceQuality "1"]

1. e4 d6 2. d4 Nf6 3. Nc3 c6 4. Nf3 Qa5 5. Bd3 e5 6. 0-0 Bg4 7. dxe5 dxe5 8. h3 Bh5 9. Bd2 Qc7 10. a4 Nbd7 11. Qe2 Be7 12. Nd1 Nc5 13. b4 Nxd3 14. cxd3 Rd8 15. Bc3 Nd7 16. Ne3 0-0 17. g4 Bg6 18. Nc4 f6 19. Nh4 Bf7 20. Nf5 Rfe8 21. Qe3 Nf8 22. h4 Ne6 23. Nb2 Nf4 24. d4 exd4 25. Bxd4 Bxb4 26. Bxa7 Bd2 27. Bb6 Qe5 28. Qf3 Qxb2 29. Bxd8 Rxd8 30. Rab1 Qe5 31. Rxb7 Rd3 32. Ne3 Bg6 33. Rfb1 Bxe4 34. Rb8+ Kf7 35. R1b7+ Kg6 36. h5+ Kh6 37. g5+ Qxg5+ 38. Qg4 Nh3+ 39. Kf1 Bxe3 0-1

[Event "DOM-ch"]
[Site "Santo Domingo"]
[Date "2023.03.03"]
[Round "5"]
[White "Polanco Nunez, Yoel Estarling"]
[Black "Dominguez, Jose Manuel"]
[Result "1/2-1/2"]
[WhiteElo "2195"]
[BlackElo "2151"]
[PlyCount "70"]
[EventDate "2023.02.24"]
[EventType "swiss"]
[EventRounds "11"]
[EventCountry "DOM"]
[SourceTitle "CBM 213 Extra"]
[Source "ChessBase"]
[SourceDate "2023.05.31"]
[SourceVersion "1"]
[SourceVersionDate "2023.05.31"]
[SourceQuality "1"]

1. e4 b5 2. d4 Bb7 3. Bxb5 Bxe4 4. Nf3 e6 5. 0-0 Nf6 6. c4 Be7 7. Nc3 Bb7 8. Ba4 0-0 9. Re1 d6 10. h3 Nbd7 11. Bc2 c5 12. dxc5 Nxc5 13. Bg5 d5 14. cxd5 Nxd5 15. Bxe7 Nxe7 16. Ne5 Nd5 17. Ne4 Rc8 18. Rc1 Nxe4 19. Bxe4 Qg5 20. Nf3 Qxc1 21. Qxc1 Rxc1 22. Rxc1 Nf4 23. Re1 Rb8 24. Bxb7 Rxb7 25. Re4 Nd5 26. Rc4 Kf8 27. b3 Ke7 28. Nd4 Kd6 29. Rc6+ Kd7 30. Rc4 e5 31. Nc2 Rc7 32. Rxc7+ Kxc7 33. Kf1 Kb6 34. g3 Kc5 35. a3 Nc3 1/2-1/2

[Event "DOM-ch"]
[Site "Santo Domingo"]
[Date "2023.02.26"]
[Round "4"]
[White "Dominguez, Jose Manuel"]
[Black "Rodriguez, Jose M"]
[Result "1/2-1/2"]
[WhiteElo "2151"]
[BlackElo "2197"]
[PlyCount "46"]
[EventDate "2023.02.24"]
[EventType "swiss"]
[EventRounds "11"]
[EventCountry "DOM"]
[SourceTitle "CBM 213 Extra"]
[Source "ChessBase"]
[SourceDate "2023.05.31"]
[SourceVersion "1"]
[SourceVersionDate "2023.05.31"]
[SourceQuality "1"]

1. e4 c5 2. Nf3 Nc6 3. d3 g6 4. Be2 Bg7 5. 0-0 Nf6 6. Re1 d5 7. Nbd2 0-0 8. c3 e5 9. a3 d4 10. cxd4 cxd4 11. b4 a6 12. Nc4 Ne8 13. Bg5 Bf6 14. Bh6 Ng7 15. Qd2 b5 16. Na5 Nxa5 17. bxa5 Re8 18. Bd1 Be6 19. Ng5 Bc8 20. Nf3 Ne6 21. Be2 Ng7 22. a4 Bd7 23. axb5 Bc8 1/2-1/2

[Event "San Pedro de Macoris zt"]
[Site "San Pedro de Macoris"]
[Date "2021.11.08"]
[Round "1"]
[White "Dominguez, Jose Manuel"]
[Black "Toro Rojas, Freddy Alberto"]
[Result "1-0"]
[WhiteElo "2174"]
[BlackElo "1949"]
[PlyCount "61"]
[EventDate "2021.11.08"]
[EventType "swiss"]
[EventRounds "9"]
[EventCountry "DOM"]
[SourceTitle "EXT 2023"]
[Source "ChessBase"]
[SourceDate "2022.10.05"]
[SourceVersion "1"]
[SourceVersionDate "2022.10.05"]
[SourceQuality "1"]

1. e4 c6 2. d3 d5 3. Nd2 e5 4. Ngf3 Bd6 5. Be2 Nf6 6. 0-0 0-0 7. Re1 Bg4 8. c3 Nbd7 9. h3 Bh5 10. Bf1 Qc7 11. g4 Bg6 12. Nh4 Rfe8 13. Nf5 Bf8 14. Ng3 h6 15. h4 Rad8 16. g5 hxg5 17. hxg5 Nh7 18. Qg4 Nc5 19. Nf3 dxe4 20. dxe4 Nd3 21. Bxd3 Rxd3 22. Be3 Rxe3 23. Rxe3 Bc5 24. Rd3 Nf8 25. b4 Bb6 26. Rad1 a5 27. a3 axb4 28. axb4 Ba7 29. Nf5 Ne6 30. Rd7 Qb6 31. R1d2 1-0

[Event "DOM-ch"]
[Site "Santo Domingo"]
[Date "2021.05.21"]
[Round "9"]
[White "Dominguez, Jose Manuel"]
[Black "Ortiz, Junior Renato"]
[Result "1-0"]
[WhiteElo "2157"]
[BlackElo "1834"]
[PlyCount "45"]
[EventDate "2021.05.07"]
[EventType "swiss"]
[EventRounds "11"]
[EventCountry "DOM"]
[SourceTitle "CBM 203 Extra"]
[Source "ChessBase"]
[SourceDate "2021.09.30"]
[SourceVersion "1"]
[SourceVersionDate "2021.09.30"]
[SourceQuality "1"]

1. e4 c5 2. Nf3 a6 3. d3 Nc6 4. g3 e5 5. Bg2 Be7 6. a4 d6 7. 0-0 Nf6 8. Nbd2 Rb8 9. c3 0-0 10. Qe2 Re8 11. h3 b5 12. Kh2 Bf8 13. Rd1 d5 14. exd5 Nxd5 15. Ne4 f5 16. Nfg5 h6 17. Qh5 fxe4 18. Qf7+ Kh8 19. dxe4 hxg5 20. exd5 Na5 21. Qh5+ Kg8 22. Be4 Qf6 23. Bh7+ 1-0

[Event "DOM-ch"]
[Site "Santo Domingo"]
[Date "2021.05.08"]
[Round "2"]
[White "Dominguez, Jose Manuel"]
[Black "Mesa Cruz, Juan Carlos"]
[Result "1-0"]
[WhiteElo "2157"]
[BlackElo "1978"]
[PlyCount "99"]
[EventDate "2021.05.07"]
[EventType "swiss"]
[EventRounds "11"]
[EventCountry "DOM"]
[SourceTitle "CBM 203 Extra"]
[Source "ChessBase"]
[SourceDate "2021.09.30"]
[SourceVersion "1"]
[SourceVersionDate "2021.09.30"]
[SourceQuality "1"]

1. e4 c5 2. Nf3 d6 3. d4 cxd4 4. Nxd4 Nf6 5. Nc3 a6 6. Bc4 e6 7. Bb3 Nc6 8. Be3 Qc7 9. Qe2 Be7 10. 0-0-0 b5 11. Nxc6 Qxc6 12. g4 Nxe4 13. Nd5 Bd8 14. Bd4 Nc5 15. Bxg7 Nxb3+ 16. axb3 Rg8 17. Qe4 Bd7 18. Qxh7 Bg5+ 19. f4 0-0-0 20. fxg5 exd5 21. Bf6 Rde8 22. Rd4 Qb6 23. Qd3 Re4 24. Rxe4 dxe4 25. Qxe4 Re8 26. Qd4 Qxd4 27. Bxd4 Bxg4 28. h4 Bh5 29. Rh2 Re2 30. Rxe2 Bxe2 31. Kd2 Bh5 32. Ke3 Kd7 33. Kf4 Ke6 34. c3 Bd1 35. b4 d5 36. Bg7 Bh5 37. Ke3 Bg6 38. Kd4 Kd6 39. Bf8+ Ke6 40. Kc5 Bh5 41. Kb6 Kd7 42. Kxa6 Kc6 43. Ka7 d4 44. cxd4 Bg6 45. Ka6 Bd3 46. h5 Be4 47. Be7 Bd3 48. Bf6 Be4 49. Ka7 Bf3 50. g6 1-0

[Event "DOM-ch"]
[Site "Santo Domingo"]
[Date "2019.05.12"]
[Round "11"]
[White "Jimenez Jimenez, Leandro"]
[Black "Dominguez, Jose Manuel"]
[Result "0-1"]
[WhiteElo "1990"]
[BlackElo "2266"]
[PlyCount "80"]
[EventDate "2019.04.26"]
[EventType "swiss"]
[EventRounds "11"]
[EventCountry "DOM"]
[SourceTitle "CBM 190 Extra"]
[Source "ChessBase"]
[SourceDate "2019.07.15"]
[SourceVersion "1"]
[SourceVersionDate "2019.07.15"]
[SourceQuality "1"]

1. d4 Nf6 2. c4 d6 3. Nc3 Nbd7 4. e4 e5 5. d5 Be7 6. Be3 0-0 7. g3 Nc5 8. f3 Ne8 9. Qd2 a6 10. 0-0-0 b5 11. h4 Bd7 12. Kb1 Qb8 13. g4 bxc4 14. g5 Qb4 15. h5 Rb8 16. Rh2 f5 17. Bh3 Nd3 18. Qc2 Qa5 19. Bc1 Nb4 20. Qd2 Ba4 21. exf5 Bxd1 22. Qxd1 Nd3 23. Ka1 Kh8 24. h6 gxh6 25. f6 Nxf6 26. gxf6 Bxf6 27. Ne4 Bg7 28. Bg4 Qxd5 29. Ne2 Qa5 30. N2c3 d5 31. Bxh6 Bxh6 32. Rxh6 Qb4 33. Rh2 dxe4 34. Qh1 Qe7 35. Nxe4 c3 36. Nxc3 c6 37. Bh5 Nf4 38. Bg4 Ng6 39. Qb1 Qe8 40. Rd2 Rxb2 0-1

[Event "Olympiad-43"]
[Site "Batumi"]
[Date "2018.10.01"]
[Round "7.12"]
[White "Dominguez, Jose Manuel"]
[Black "Firouzja, Alireza"]
[Result "0-1"]
[WhiteElo "2283"]
[BlackElo "2582"]
[PlyCount "124"]
[EventDate "2018.09.24"]
[EventType "team-swiss"]
[EventRounds "11"]
[EventCountry "GEO"]
[SourceTitle "CBM 187"]
[Source "ChessBase"]
[SourceDate "2018.12.11"]
[SourceVersion "1"]
[SourceVersionDate "2018.12.11"]
[SourceQuality "1"]
[WhiteTeam "Dominican Republic"]
[BlackTeam "Iran"]
[WhiteTeamCountry "DOM"]
[BlackTeamCountry "IRI"]

1. Nf3 c5 2. e4 Nc6 3. Be2 Nf6 4. d3 g6 5. 0-0 Bg7 6. Nbd2 0-0 7. c3 d6 8. Re1 e5 9. Nf1 h6 10. Ng3 d5 11. a3 a5 12. exd5 Nxd5 13. a4 b6 14. Bf1 Ba6 15. Qc2 f5 16. Nd2 Qc7 17. Qb3 Rad8 18. Nc4 Kh7 19. Be2 Nce7 20. Bd2 Bc8 21. Rad1 Be6 22. Bf3 Bf7 23. Bc1 Nc8 24. Qc2 Nf4 25. Na3 Ne6 26. Nb5 Qe7 27. Bc6 Qf6 28. Bb7 Nd6 29. Nxd6 Rxd6 30. Bf3 Ng5 31. Be2 Bd5 32. Nf1 Rd7 33. Ne3 Ba8 34. Nc4 Qc6 35. f3 Qc7 36. Qb3 Rb8 37. Na3 Bd5 38. Qc2 Ne6 39. Nc4 Bf6 40. Bf1 Nd8 41. Qf2 Nf7 42. f4 Bxc4 43. dxc4 Rbd8 44. Rxd7 Qxd7 45. Qc2 exf4 46. Bxf4 Bg5 47. g3 Bxf4 48. gxf4 Re8 49. Rd1 Qc7 50. Qf2 Re4 51. Bg2 Rxf4 52. Qg3 h5 53. Qe3 Rg4 54. Qe6 Kh6 55. h3 Ng5 56. Qe3 Rg3 57. Qd2 f4 58. Kh1 Nxh3 59. Qd6 Nf2+ 60. Kh2 Ng4+ 61. Kh1 Qxd6 62. Rxd6 f3 0-1

[Event "Olympiad-43"]
[Site "Batumi"]
[Date "2018.09.30"]
[Round "6.38"]
[White "Winter Roach, Alex"]
[Black "Dominguez, Jose Manuel"]
[Result "1/2-1/2"]
[WhiteElo "2221"]
[BlackElo "2283"]
[PlyCount "179"]
[EventDate "2018.09.24"]
[EventType "team-swiss"]
[EventRounds "11"]
[EventCountry "GEO"]
[SourceTitle "CBM 187"]
[Source "ChessBase"]
[SourceDate "2018.12.11"]
[SourceVersion "1"]
[SourceVersionDate "2018.12.11"]
[SourceQuality "1"]
[WhiteTeam "Trinidad and Tobago"]
[BlackTeam "Dominican Republic"]
[WhiteTeamCountry "TRI"]
[BlackTeamCountry "DOM"]

1. c4 Nf6 2. Nc3 d6 3. d4 Nbd7 4. Nf3 e5 5. e4 Be7 6. Be2 0-0 7. 0-0 Re8 8. Qc2 c6 9. Rd1 Qc7 10. b3 Bf8 11. Bb2 exd4 12. Nxd4 Nc5 13. f3 Ne6 14. Kh1 Nf4 15. Bf1 Qa5 16. Qd2 Ne6 17. Nf5 Nh5 18. Ne2 Qxd2 19. Rxd2 d5 20. cxd5 cxd5 21. exd5 Nef4 22. Nxf4 Nxf4 23. Ng3 Bd7 24. Ne4 Rac8 25. a3 a6 26. b4 f5 27. Nf2 Bd6 28. g3 Ng6 29. f4 Re3 30. Bd4 Rb3 31. Bd3 Ne7 32. Bc2 Rxc2 33. Rxc2 Nxd5 34. Rb2 Rxb2 35. Bxb2 Bc6 36. Kg1 h6 37. Nd3 g5 38. Ne5 Ba4 39. fxg5 hxg5 40. Rc1 Bc7 41. Bd4 b6 42. Nf3 g4 43. Nh4 f4 44. gxf4 Bxf4 45. Rc8+ Kf7 46. Ng2 Bg5 47. Kf2 Bd7 48. Rc2 Ba4 49. Re2 Bc1 50. Bb2 Bh6 51. Re1 Bd7 52. Re5 Be6 53. Re2 Ne7 54. Ne3 Ng6 55. Rc2 Bf4 56. Nf1 Ne7 57. Bd4 Nd5 58. Ng3 Bd7 59. Kg1 Kg6 60. Re2 Bc1 61. Re5 Nf4 62. Bxb6 Bxa3 63. Re4 Nh3+ 64. Kf1 Ng5 65. Rd4 Bb5+ 66. Kf2 Nh3+ 67. Ke1 Ng5 68. Rxg4 Bd7 69. Rf4 Ne6 70. Rc4 Ng5 71. h4 Nf3+ 72. Kf2 Ne5 73. h5+ Kf7 74. Re4 Nd3+ 75. Ke3 Nxb4 76. Kd2 Nd5 77. Ba5 Bd6 78. Ne2 Bf5 79. Rd4 Nf6 80. h6 Bf8 81. Rh4 Kg6 82. Ng3 Bxh6+ 83. Rxh6+ Kxh6 84. Nxf5+ Kg6 85. Nd6 Nd5 86. Kd3 Kf6 87. Kc4 Ke6 88. Kc5 Nf6 89. Nc4 Nd7+ 90. Kb4 1/2-1/2

[Event "Olympiad-43"]
[Site "Batumi"]
[Date "2018.09.26"]
[Round "3.57"]
[White "Dominguez, Jose Manuel"]
[Black "Eichab, Charles Sidney"]
[Result "1-0"]
[WhiteElo "2283"]
[BlackElo "2016"]
[PlyCount "45"]
[EventDate "2018.09.24"]
[EventType "team-swiss"]
[EventRounds "11"]
[EventCountry "GEO"]
[SourceTitle "CBM 187"]
[Source "ChessBase"]
[SourceDate "2018.12.11"]
[SourceVersion "1"]
[SourceVersionDate "2018.12.11"]
[SourceQuality "1"]
[WhiteTeam "Dominican Republic"]
[BlackTeam "Namibia"]
[WhiteTeamCountry "DOM"]
[BlackTeamCountry "NAM"]

1. Nf3 e6 2. d4 f5 3. e4 fxe4 4. Ng5 Nf6 5. Nd2 d5 6. f3 h6 7. Nh3 Bd6 8. fxe4 dxe4 9. Nxe4 0-0 10. Nef2 c6 11. Bd3 Qc7 12. Qe2 Nbd7 13. Bd2 e5 14. 0-0-0 exd4 15. g4 g5 16. Qe6+ Kg7 17. Ne4 Be5 18. Rde1 Nb6 19. Nexg5 Re8 20. Rxe5 Qxe5 21. Qf7+ Kh8 22. Re1 Be6 23. Qg6 1-0

[Event "DOM-ch"]
[Site "Santo Domingo"]
[Date "2018.04.29"]
[Round "8"]
[White "Dominguez, Jose Manuel"]
[Black "Munoz Santana, Jose Lisandro"]
[Result "1/2-1/2"]
[WhiteElo "2240"]
[BlackElo "2436"]
[PlyCount "57"]
[EventDate "2018.04.20"]
[EventType "swiss"]
[EventRounds "11"]
[EventCountry "DOM"]
[SourceTitle "CBM 184 Extra"]
[Source "ChessBase"]
[SourceDate "2018.06.28"]
[SourceVersion "1"]
[SourceVersionDate "2018.06.28"]
[SourceQuality "1"]

1. Nf3 c5 2. g3 b6 3. Bg2 Bb7 4. 0-0 Nf6 5. d3 e6 6. c3 Be7 7. a3 0-0 8. b4 d6 9. Bb2 Nbd7 10. Nbd2 Qc7 11. c4 d5 12. cxd5 Bxd5 13. b5 a6 14. a4 axb5 15. axb5 Rxa1 16. Bxa1 Ra8 17. e4 Bb7 18. Nc4 Ne8 19. Qb3 Nd6 20. Qc3 Bf8 21. Nxd6 Qxd6 22. Nd2 Qb8 23. Nc4 Ra4 24. f4 Rb4 25. f5 exf5 26. Bh3 f6 27. Bxf5 Qe8 28. Qc2 Ne5 29. Bxe5 1/2-1/2

[Event "DOM-ch"]
[Site "Santo Domingo"]
[Date "2016.04.09"]
[Round "7"]
[White "Dominguez, Jose Manuel"]
[Black "Munoz Santana, Jose Lisandro"]
[Result "1/2-1/2"]
[WhiteElo "2244"]
[BlackElo "2425"]
[PlyCount "60"]
[EventDate "2016.04.01"]
[EventType "swiss"]
[EventRounds "11"]
[EventCountry "DOM"]
[SourceTitle "CBM 171 Extra"]
[Source "ChessBase"]
[SourceDate "2016.04.26"]
[SourceVersion "1"]
[SourceVersionDate "2016.04.26"]
[SourceQuality "1"]

1. e4 e6 2. d3 d5 3. Nd2 Nf6 4. Be2 c5 5. Ngf3 Nc6 6. 0-0 Be7 7. c3 Qc7 8. Re1 0-0 9. Bf1 b5 10. a3 a5 11. a4 Ba6 12. exd5 exd5 13. axb5 Bxb5 14. d4 Rab8 15. dxc5 Bxc5 16. Nb3 Bd6 17. Bxb5 Rxb5 18. g3 Rbb8 19. Bg5 Qb6 20. Bxf6 Qxb3 21. Qxb3 Rxb3 22. Nd4 Nxd4 23. Bxd4 Rb5 24. Ra2 Rfb8 25. Re2 Kf8 26. Kf1 Bc5 27. Be5 Rc8 28. Rd2 f6 29. Bd4 Ke7 30. Bxc5+ Rbxc5 1/2-1/2